| 000 | 00370nam a2200145Ia 4500 | ||
|---|---|---|---|
| 008 | 150201s2005 xx 000 0 und d | ||
| 082 |
_a611 _bH2005C |
||
| 100 | _aCHAURASIA,B.D. | ||
| 245 | _aHUMAN ANATOMY : REGIONAL APPLIED-1 | ||
| 250 | _a4TH | ||
| 260 |
_bC.B.S PUBLISHERS & DISTRIBUTERS _aDELHI _c2005 |
||
| 300 | _a1-285 | ||
| 650 | _aANATOMY | ||
| 942 |
_2ddc _cBK _01 |
||
| 999 |
_c3311 _d3311 |
||